Spanish Conjugation #1 - Future Tense - Statistics

General Stats
  • This quiz has been taken 205 times
    167 since last reset
  • The average score is 61 of 80
Answer Stats
Hint Answer % Correct
I Estaré
95%
He/She/It Estará
93%
They Estarán
93%
You Estarás
93%
We Estaremos
93%
He/She/It Será
91%
They Serán
91%
You Serás
91%
I Seré
91%
We Seremos
91%
I Conoceré
84%
He/She/It Dará
84%
They Darán
84%
You Darás
84%
I Daré
84%
We Daremos
84%
I Tendré
84%
He/She/It Conocerá
83%
They Conocerán
83%
You Conocerás
83%
We Conoceremos
83%
He/She/It Irá
83%
You Irás
83%
I Iré
83%
He/She/It Tendrá
83%
You Tendrás
83%
I Habré
82%
They Irán
82%
They Tendrán
82%
We Tendremos
82%
He/She/It Habrá
81%
They Habrán
81%
You Habrás
81%
We Habremos
81%
He/She/It Verá
76%
They Verán
76%
You Verás
76%
I Veré
76%
We Veremos
76%
He/She/It Oirá
75%
They Oirán
75%
You Oirás
75%
I Oiré
75%
We Oiremos
75%
We Iramos
74%
He/She/It Sabrá
74%
They Sabrán
74%
You Sabrás
74%
I Sabré
74%
We Sabremos
74%
He/She/It Pondrá
72%
They Pondrán
72%
You Pondrás
72%
I Pondré
72%
We Pondremos
72%
You Vendrás
72%
I Vendré
72%
I Podré
71%
He/She/It Vendrá
71%
They Vendrán
71%
We Vendremos
71%
He/She/It Podrá
70%
They Podrán
70%
You Podrás
70%
We Podremos
70%
He/She/It Dirá
66%
They Dirán
66%
You Dirás
66%
I Diré
66%
We Diremos
66%
He/She/It Hará
65%
They Harán
65%
You Harás
65%
I Haré
65%
We Haremos
65%
He/She/It Querrá
57%
They Querrán
57%
You Querrás
57%
I Querré
57%
We Querremos
57%
No matching quizzes found
Score Distribution
Percent of People with Each Score
Percentile by Number Answered
Your Score History
You have not taken this quiz since the last reset